000 00431nam a2200157 4500
020 _a9788131504871
082 _a658.1 MEG
100 _aMegginson, William L.
245 _aPrinciples of Corporate Finance
260 _bLengage Learning
_aNew Delhi
300 _a790p.
_b; ill. ;25cm
500 _aincludes appendix, index
650 _aOrporate Finance, Finance
700 _aScott B. Smart, Lawrence J. Gitman
942 _cBK
999 _c12206
_d12206